| 000 | 01344cam a22003734a 4500 | ||
|---|---|---|---|
| 001 | 13012681 | ||
| 003 | OSt | ||
| 005 | 20160910152303.0 | ||
| 008 | 021125s2003 maua b 001 0 eng | ||
| 010 | _a 2002044407 | ||
| 020 | _a0-7637-1859-9 (pbk.) | ||
| 035 | _a(DNLM)101160412 | ||
| 040 |
_aDNLM/DLC _cDLC _dDLC |
||
| 042 | _apcc | ||
| 050 | 0 | 0 |
_aRA418.5.F3 _bH428 2003 |
| 060 | 1 | 0 |
_aWA 308 _bH4335 2003 |
| 082 | 0 | 0 |
_aDC 362.1 _22003 _bH34 |
| 245 | 0 | 0 |
_aHealth and welfare for families in the 21st century / _cedited by Helen M. Wallace, Gordon Green, Kenneth J. Jaros ; with contributing editor, Naomi Morris. |
| 250 | _aSecond Edition | ||
| 260 |
_aBoston : _bJones and Bartlett, _cc2003. |
||
| 300 |
_axvii, 586 pages : _billustration ; _c23 cm. |
||
| 365 |
_b4,880.00 _cPhp |
||
| 504 | _aIncludes bibliographical references and index. | ||
| 650 | 0 |
_aFamilies _xHealth and hygiene. |
|
| 650 | 0 | _aFamily policy. | |
| 650 | 1 | 2 |
_aFamily Health _zUnited States. |
| 650 | 2 | 2 |
_aChild Welfare _zUnited States. |
| 650 | 2 | 2 |
_aHealth Policy _zUnited States. |
| 650 | 2 | 2 |
_aWomen's Health _zUnited States. |
| 700 | 2 | _aWallace, Helen M. | |
| 906 |
_a7 _bcbc _corignew _d1 _eocip _f20 _gy-gencatlg |
||
| 942 |
_2ddc _cDC |
||
| 999 |
_c4472 _d4472 |
||